| 000 | 00633nam a2200181Ia 4500 | ||
|---|---|---|---|
| 008 | 100920s9999 xx 000 0 und d | ||
| 082 |
_b101793 _a891.463.1 न 07 |
||
| 100 | _aऔरंगाबादकर अनुराधा. | ||
| 245 | _aओंजळीतला शिंपला. | ||
| 260 |
_bश्रीक ल्प प्रका. मुबंई. _c2007 |
||
| 300 |
_a204 _bसाधी |
||
| 365 | _b190 | ||
| 520 | _aलघुकथा. | ||
| 630 | _aओंजळीतला शिंपला. | ||
| 650 | _aलघुकथा. | ||
| 730 | _aओंजळीतला शिंपला. | ||
| 942 | _cBOOK | ||
| 999 |
_c742226 _d742223 |
||